IT experience in India: Bridging the digital divide (Record no. 1502)

MARC details
000 -LEADER
fixed length control field 00382nam a2200145Ia 4500
008 - FIXED-LENGTH DATA ELEMENTS--GENERAL INFORMATION
fixed length control field 130318s9999 xx 000 0 und d
020 ## - INTERNATIONAL STANDARD BOOK NUMBER
International Standard Book Number 9780761932352
082 ## - DEWEY DECIMAL CLASSIFICATION NUMBER
Classification number 351 KEN/I
100 ## - MAIN ENTRY--PERSONAL NAME
Personal name Keniston, Kenneth
245 ## - TITLE STATEMENT
Title IT experience in India: Bridging the digital divide
260 ## - PUBLICATION, DISTRIBUTION, ETC.
Name of publisher, distributor, etc. Sage
Place of publication, distribution, etc. New Delhi
Date of publication, distribution, etc. 2004
300 ## - PHYSICAL DESCRIPTION
Extent 194
650 ## - SUBJECT ADDED ENTRY--TOPICAL TERM
Topical term or geographic name entry element E-GOVERNANCE
700 ## - ADDED ENTRY--PERSONAL NAME
Personal name Kumar, Deepak
Holdings
Withdrawn status Lost status Damaged status Not for loan Collection code Home library Current library Shelving location Date acquired Cost, normal purchase price Total Checkouts Total Renewals Full call number Barcode Date last seen Date last checked out Price effective from Koha item type
        E-Governance Kerala University of Digital Sciences, Innovation and Technology Knowledge Centre Kerala University of Digital Sciences, Innovation and Technology Knowledge Centre Economics 18/03/2013 336.00 1   351 KEN/I 1509 08/02/2022 20/01/2022 18/03/2013 Books